|
|
|
|
| LEADER |
00000nkm a2200000 a 4500 |
| 001 |
vtls012016541 |
| 003 |
SK-MaSNL |
| 005 |
20260512124408.0 |
| 007 |
kp ao |
| 008 |
231121q1905 xo g kuslo |
| 015 |
|
|
|a SNBG
|
| 035 |
|
|
|a urn:nbn:sk:snk-km00fan5
|
| 035 |
|
|
|a urn:nbn:sk:snk-km45sqz
|
| 035 |
|
|
|a ED93F4DC-608B-44C8-B37C-E9FB05372D82
|
| 040 |
|
|
|a SNK
|b slo
|c SNK
|e AACR2
|
| 041 |
0 |
|
|a slo
|
| 043 |
|
|
|a e-xo---
|
| 044 |
|
|
|a xo
|c SK
|
| 072 |
|
7 |
|a 913
|x Regionálna geografia
|2 konspekt
|
| 080 |
|
|
|a 913(437.6)
|2 2011
|
| 080 |
|
|
|a 711.73
|2 2011
|
| 080 |
|
|
|a (084.121)
|2 2011
|
| 080 |
|
|
|a 721
|2 2011
|
| 080 |
|
|
|a 725
|2 2011
|
| 245 |
0 |
0 |
|a Galanta
|h grafika
|
| 260 |
|
|
|a [Bratislava]
|b Moderna
|c [medzi 1905 a 1973?]
|
| 300 |
|
|
|a 1 pohľadnica
|b tónovaná do modra
|c 9 x 15 cm
|
| 500 |
|
|
|a Názvové údaje prevzaté z obrazovej časti pohľadnice
|
| 520 |
8 |
|
|a Zobrazenie: Pohľad v bielom orámovaní na ulicu s radmi budov z oboch jej strán. Vľavo aj vpravo sú drevené elektrické stĺpy. Uprostred je ulica vydláždená, vľavo a vpravo od nej je neupravená. Vpravo sú dve autá a bicykel. Vľavo aj vpravo v pozadí sú rady listnatých stromov pozdĺž vydláždenej časti ulice. Vľavo je na obchode nápis: "Baťa". V popredí vidno muža, vľavo od neho dieťa, vpravo, uprostred ulice je v popredí ďalší muž
|
| 650 |
0 |
7 |
|a ulice
|2 SNKPH
|9 2938
|
| 650 |
0 |
7 |
|a budovy
|2 SNKPH
|9 1283
|
| 650 |
0 |
7 |
|a obchody
|2 SNKPH
|9 3004
|
| 651 |
|
7 |
|a Galanta (Slovensko)
|2 SNKPHgeo
|9 15687
|
| 655 |
|
7 |
|a miestne pohľadnice
|2 SNKPH
|9 70510
|
| 852 |
|
|
|a Slovenská národná knižnica
|
| 958 |
|
|
|a GC
|
| 958 |
|
|
|a GBN
|
| 958 |
|
|
|a OND
|
| 958 |
|
|
|a EUIPO
|
| 999 |
|
|
|c 869608
|d 871538
|
| 952 |
|
|
|a SNK
|b SNK
|y PREZ
|7 0
|p 17A1380344
|o snkSP 108058
|z Pohľadnica prešla poštou.
|0 0
|1 0
|4 0
|d 2021-03-02
|f 1
|l 0
|r 2026-02-24 05:38:28
|w 2026-02-24
|